000 00506nam a2200169 i 4500
001 67998
003 ES-MaACL
005 20230906170202.0
007 t|
008 040217s1946 sp ||||1| spa d
100 1 _aGandhi, Mahatma.
_953835
245 1 0 _aGuía de salud /
_cMahatma Gandhi ; prefacio de Emilio Ribas.
260 _a[S.l. :
_bs.n.,
_c1946] (
_eBarcelona :
_fSimpar)
300 _a203 p. :
_b1 retr. aut. ;
_c19 cm.
700 1 _aRibas, Emilio.
_996721
852 _aES-MaACL
_jD-3546
_bR.22203
999 _c67998
_d67998